Matrix and Finite Element Analysis of Structures / (Record no. 1205)
[ view plain ]
| 000 -LEADER | |
|---|---|
| fixed length control field | 00309 a2200097 4500 |
| 082 ## - DEWEY DECIMAL CLASSIFICATION NUMBER | |
| Classification number | 624.170151 MUK |
| 100 ## - MAIN ENTRY--PERSONAL NAME | |
| Personal name | Mukhopadhyay,M |
| 245 ## - TITLE STATEMENT | |
| Title | Matrix and Finite Element Analysis of Structures / |
| Statement of responsibility, etc. | M.Mukhopadhyay |
| 260 ## - PUBLICATION, DISTRIBUTION, ETC. | |
| Place of publication, distribution, etc. | New Delhi : |
| Date of publication, distribution, etc. | Ane Books India: |
| Name of publisher, distributor, etc. | 2004 |
| 300 ## - PHYSICAL DESCRIPTION | |
| Extent | 443p. : |
| Other physical details | ill . ; |
| Dimensions | 25 cm |
| Accompanying material | 1 CD-ROM |
| 650 ## - SUBJECT ADDED ENTRY--TOPICAL TERM | |
| Topical term or geographic name entry element | structural analysis |
| Withdrawn status | Lost status | Damaged status | Not for loan | Permanent Location | Current Location | Shelving location | Date acquired | Total Checkouts | Full call number | Barcode | Date last seen | Price effective from | Koha item type | Date last checked out |
|---|---|---|---|---|---|---|---|---|---|---|---|---|---|---|
| School of Civil and Environmental Engineering (SCEE) | School of Civil and Environmental Engineering (SCEE) | 624.170151 MUK | NIT-6658 | 01/05/2017 | 01/05/2017 | Book | ||||||||
| School of Civil and Environmental Engineering (SCEE) | School of Civil and Environmental Engineering (SCEE) | 2 | NIT-6499 | 06/03/2024 | 01/05/2017 | Book | 02/19/2024 |
